000 01139cam a22002174a 4500
005 20250605164409.0
008 250528s ||||||||||||||||||||||||d
035 _a24951
020 _a9780415675772
040 _aGR-AtMCL
_bgre
_dGR-AtMCL
_eAACR2
245 1 _aSport Coaching Concepts / A Framework for Coaching Practice: Second Edition
250 _a2nd
260 _bRoutledge - Taylor & Francis Group,
_c2003
300 _a353
520 _aIntroduction to the Second Edition, Developments in the Field, Developing a Conceptual Framework, The Coaching Process, Coaching Domains and the Role of the Coach, Expertise in Sport Coaching, Modelling the Coaching Process, A Proposed Model for Coaching, Operationalising the Model; Or and What Coaches Really Do!, Approaches to Coaching Practice: Linking Theory and Practice, Coaching and Social Context, Coaching Philosophy, Pedagogy in Practice, The Professionalisation of Sport Coaching, Coach Education and Coaching Practice, Setting a Research Agenda, Index.
700 1 _aCushion Chris
_99584
700 1 _aLyle John
_99585
942 _cBK
999 _c9773
_d9773